000 00270nam a22001217a 4500
008 170926b xxu||||| |||| 00| 0 eng d
041 _aeng
080 _a37
100 _a46
101 _aEDU
245 _aBUILDING CLASSROOM COMMUNITY
_cSTONE.J.G
942 _2udc
_cBK
999 _c29872
_d29872